000 00299nam a2200133Ia 4500
008 100328s9999 xx 000 0 und d
082 _b59446
100 _aKoontz Dean R.
245 _aMr Murder.
260 _bHeadline Feature.
630 _aMr Murder.
730 _aMr Murder.
942 _cBOOK
999 _c545674
_d545671